All Normal Type Pokemon - Statistics

General Stats
  • This quiz has been taken 14 times
  • The average score is 83 of 136
Answer Stats
# Type Answer % Correct
#0022 Normal/Flying Fearow
100%
#0039 Normal/Fairy Jigglypuff
100%
#0018 Normal/Flying Pidgeot
100%
#0017 Normal/Flying Pidgeotto
100%
#0016 Normal/Flying Pidgey
100%
#0020 Normal Raticate
100%
#0019 Normal Rattata
100%
#0021 Normal/Flying Spearow
100%
#0040 Normal/Fairy Wigglytuff
100%
#0020 Dark/Normal Alolan Raticate
83%
#0019 Dark/Normal Alolan Rattata
83%
#0242 Normal Blissey
83%
#0113 Normal Chansey
83%
#0085 Normal/Flying Dodrio
83%
#0084 Normal/Flying Doduo
83%
#0083 Normal/Flying Farfetch'd
83%
#0203 Normal/Psychic Girafarig
83%
#0163 Normal/Flying Hoothoot
83%
#0115 Normal Kangaskhan
83%
#0463 Normal Lickilicky
83%
#0108 Normal Lickitung
83%
#0164 Normal/Flying Noctowl
83%
#0398 Normal/Flying Staraptor
83%
#0397 Normal/Flying Staravia
83%
#0396 Normal/Flying Starly
83%
#0128 Normal Tauros
83%
#0400 Normal/Water Bibarel
67%
#0399 Normal Bidoof
67%
#0626 Normal Bouffalant
67%
#0628 Normal/Flying Braviary
67%
#0585 Normal/Grass Deerling
67%
#0981 Normal/Psychic Farigiraf
67%
#0661 Normal/Flying Fletchling
67%
#0162 Normal Furret
67%
#0431 Normal Glameow
67%
#0440 Normal Happiny
67%
#0174 Normal/Fairy Igglybuff
67%
#0264 Normal Linoone
67%
#0667 Fire/Normal Litleo
67%
#0648 Normal/Psychic Meloetta (Aria Forme)
67%
#0648 Normal/Fighting Meloetta (Pirouette Forme)
67%
#0052 Normal Meowth
67%
#0241 Normal Miltank
67%
#0446 Normal Munchlax
67%
#0504 Normal Patrat
67%
#0052 Normal Persian
67%
#0519 Normal/Flying Pidove
67%
#0432 Normal Purugly
67%
#0668 Fire/Normal Pyroar
67%
#0486 Normal Regigigas
67%
#0627 Normal/Flying Rufflet
67%
#0586 Normal/Grass Sawsbuck
67%
#0161 Normal Sentret
67%
#0289 Normal Slaking
67%
#0287 Normal Slakoth
67%
#0143 Normal Snorlax
67%
#0234 Normal Stantler
67%
#0277 Normal/Flying Swellow
67%
#0276 Normal/Flying Taillow
67%
#0520 Normal/Flying Tranquill
67%
#0521 Normal/Flying Unfezant
67%
#0288 Normal Vigoroth
67%
#0505 Normal Watchog
67%
#0263 Normal Zigzagoon
67%
#0190 Normal Aipom
50%
#0424 Normal Ambipom
50%
#0930 Grass/Normal Arboliva
50%
#0493 Normal Arceus
50%
#0531 Normal Audino
50%
#0427 Normal Buneary
50%
#0659 Normal Bunnelby
50%
#0441 Normal/Flying Chatot
50%
#0573 Normal Cinccino
50%
#0967 Dragon/Normal Cyclizar
50%
#0301 Normal Delcatty
50%
#0660 Normal/Ground Diggersby
50%
#0132 Normal Ditto
50%
#0929 Grass/Normal Dolliv
50%
#0780 Normal/Dragon Drampa
50%
#0832 Normal Dubwool
50%
#0982 Normal Dudunsparce
50%
#0206 Normal Dunsparce
50%
#0133 Normal Eevee
50%
#0295 Normal Exploud
50%
#0676 Normal Furfrou
50%
#0264 Dark/Normal Galarian Linoone
50%
#0263 Dark/Normal Galarian Zigzagoon
50%
#0945 Poison/Normal Grafaiai
50%
#0820 Normal Greedent
50%
#0735 Normal Gumshoos
50%
#0507 Normal Herdier
50%
#0571 Normal/Ghost Hisuian Zoroark
50%
#0570 Normal/Ghost Hisuian Zorua
50%
#0352 Normal Kecleon
50%
#0775 Normal Komala
50%
#0506 Normal Lillipup
50%
#0428 Normal Lopunny
50%
#0294 Normal Loudred
50%
#0925 Normal Maushold
50%
#0572 Normal Minccino
50%
#0862 Dark/Normal Obstagoon
50%
#0731 Normal/Flying Pikipek
50%
#0137 Normal Porygon
50%
#0233 Normal Porygon2
50%
#0474 Normal Porygon-Z
50%
#0944 Poison/Normal Shroodle
50%
#0773 Normal Silvally
50%
#0300 Normal Skitty
50%
#0819 Normal Skwovet
50%
#0235 Normal Smeargle
50%
#0928 Grass/Normal Smoliv
50%
#0931 Normal/Flying Squawkabilly
50%
#0508 Normal Stoutland
50%
#0924 Normal Tandemaus
50%
#0216 Normal Teddiursa
50%
#1024 Normal (Stellar?) Terapagos
50%
#0733 Normal/Flying Toucannon
50%
#0732 Normal/Flying Trumbeak
50%
#0772 Normal Type: Null
50%
#0217 Normal Ursaring
50%
#0293 Normal Whismur
50%
#0831 Normal Wooloo
50%
#0734 Normal Yungoos
50%
#0335 Normal Zangoose
50%
#0298 Normal/Fairy Azurill
33%
#0351 Normal Castform (Normal)
33%
#0695 Electric/Normal Heliolisk
33%
#0694 Electric/Normal Helioptile
33%
#0876 Psychic/Normal Indeedee
33%
#0915 Normal Lechonk
33%
#0916 Normal Oinkologne
33%
#0765 Normal/Psychic Oranguru
33%
#0327 Normal Spinda
33%
#0333 Normal/Flying Swablu
33%
#0901 Ground/Normal Ursaluna
33%
#0899 Psychic/Normal Wyrdeer
33%
No matching quizzes found
Score Distribution
Percent of People with Each Score
Percentile by Number Answered
Your Score History
You have not taken this quiz